Rubberised coir foam industry making big strides (Record no. 52187)

MARC details
000 -LEADER
fixed length control field 00367nam a2200145Ia 4500
100 ## - MAIN ENTRY--AUTHOR NAME
Personal name Mohankumar S.
245 #0 - TITLE STATEMENT
Title Rubberised coir foam industry making big strides
260 ## - PUBLICATION, DISTRIBUTION, ETC. (IMPRINT)
Name of publisher Rubber Asia
Year of publication 1994
300 ## - PHYSICAL DESCRIPTION
Number of Pages 77-79
650 ## - SUBJECT ADDED ENTRY--TOPICAL TERM
Topical Term Coir foam
650 ## - SUBJECT ADDED ENTRY--TOPICAL TERM
Topical Term Kerala
650 ## - SUBJECT ADDED ENTRY--TOPICAL TERM
Topical Term Rubber product industry
942 ## - ADDED ENTRY ELEMENTS (KOHA)
Koha item type Bibliography STAF
Holdings
Withdrawn status Lost status Damaged status Not for loan Home library Current library Date acquired Serial Enumeration / chronology Koha item type
      Bibliography RRII Library RRII Library 09/04/2014 Volume Sept, Issue Oct Bibliography STAF